Dynamic Panel Model in Bioeconomy Modeling
Technologický rozvoj a hľadanie riešení na predchádzanie klimatickým zmenám a zhoršovaniu životného prostredia. Vplyv premenných bioekonomiky na ekonomický rast v 27 krajinách Európskej únie. Odhad dynamických panelových modelov pomocou zovšeobecnenej metódy momentov (GMM).
Salvato in:
| Autore principale: | |
|---|---|
| Altri autori: | |
| Natura: | Capitolo di libro |
| Lingua: | inglese |
| Soggetti: | |
| Tags: |
Nessun Tag, puoi essere il primo ad aggiungerne!!
|
MARC
| LEADER | 00000naa a2200000 4500 | ||
|---|---|---|---|
| 001 | 0283196 | ||
| 005 | 20220420085723.3 | ||
| 041 | 0 | |a eng | |
| 044 | |a CZ | ||
| 245 | 1 | 0 | |a Dynamic Panel Model in Bioeconomy Modeling |c Jakub Piecuch, Joanna Szarek |
| 520 | |a Technologický rozvoj a hľadanie riešení na predchádzanie klimatickým zmenám a zhoršovaniu životného prostredia. Vplyv premenných bioekonomiky na ekonomický rast v 27 krajinách Európskej únie. Odhad dynamických panelových modelov pomocou zovšeobecnenej metódy momentov (GMM). | ||
| 610 | 2 | 0 | |a rast hospodársky |
| 610 | 2 | 0 | |a bioekonomika |
| 610 | 2 | 0 | |a prostredie životné |
| 610 | 2 | 0 | |a recyklácia odpadu |
| 610 | 2 | 0 | |a modely dynamické |
| 610 | 2 | 0 | |a testy |
| 610 | 2 | 0 | |a Európska únia |
| 100 | 1 | |a Piecuch, Jakub | |
| 700 | 1 | |a Szarek, Joanna | |